Capitals Farthest from Equator, Not in Europe, A - Z - Statistics

General Stats
  • This quiz has been taken 39 times
  • The average score is 15 of 23
Answer Stats
Letter Capital Latitude % Correct
U Ulaanbaatar 47.92
97%
O Ottawa 45.42
91%
W Wellington −41.28
88%
A Astana 51.17
85%
C Canberra −35.3
85%
B Bishkek 42.87
79%
Y Yerevan 40.18
76%
S Seoul 37.55
74%
M Montevideo −34.88
71%
P Pyongyang 39.02
71%
Q Quito −0.25
71%
D Dushanbe 38.53
65%
F Freetown / Funafuti 8.48 / −8.52
65%
V Vientiane 17.97
62%
G Gaborone −24.65
59%
I Islamabad 33.72
53%
K Kabul 34.53
53%
T Tbilisi 41.72
53%
H Havana 23.13
41%
L La Paz −16.5
38%
J Jerusalem 31.78
32%
R Rabat 34.03
29%
N Nicosia 35.17
26%
No matching quizzes found
Score Distribution
Percent of People with Each Score
Percentile by Number Answered
Your Score History
You have not taken this quiz